000 00583nam a2200229Ia 4500
003 OSt
005 20220918193707.0
006 a|||||r|||| 00| 0
007 ta
008 220917b |||||||| |||| 00| 0 eng d
024 _a74,817
037 _cTextual
040 _aARTS
_cARTS
_beng
041 _2eng
_aeng
082 _aR641xL00, D5
100 _aYajvan Krishna
_982358
245 0 _aMimansa paribhasha ed by P Ganganatha Jha
260 _c1905
650 _aBHATT MIMAMSA
942 _hR641xL00, D5
_cTEXL
_2CC
999 _c200007
_d200007